书目信息 |
| 题名: |
计算机组装与联网技术
|
|
| 作者: | 张祖林 , 徐国洪 , 印成清 主编 | |
| 分册: | ||
| 出版信息: | 武汉 华中科技大学出版社 2007.09 |
|
| 页数: | 310页 | |
| 开本: | 23cm | |
| 丛书名: | 全国高职高专电子信息类系列规划教材 | |
| 单 册: | ||
| 中图分类: | TP3 | |
| 科图分类: | ||
| 主题词: | 电子计算机--dian zi ji suan ji--高等学校--教材 | |
| 电子资源: | ||
| ISBN: | 978-7-5609-4195-0 | |
| 000 | 01205nam 2200289 450 | |
| 001 | 012008383502 | |
| 005 | 20080603082711.81 | |
| 010 | @a978-7-5609-4195-0@dCNY28.80 | |
| 100 | @a20080603d2007 em y0chiy0120 ea | |
| 101 | 0 | @achi |
| 102 | @aCN@b420000 | |
| 105 | @aak a 000yy | |
| 106 | @ar | |
| 200 | 1 | @a计算机组装与联网技术@Aji suan ji zu zhuang yu lian wang ji shu@f张祖林, 徐国洪, 印成清主编@Fzhang zu lin,xu guo hong,yin cheng qing zhu bian |
| 210 | @a武汉@c华中科技大学出版社@d2007.09 | |
| 215 | @a310页@c图@d23cm | |
| 225 | 2 | @a全国高职高专电子信息类系列规划教材@Aquan guo gao zhi gao zhuan dian zi xin xi lei xi lie gui hua jiao cai |
| 320 | @a有书目 | |
| 330 | @a本书在理论知识方面,避免写得过长、过细、过深,主要以介绍硬、件的功能、规格、品牌、技术指标等;安装方面主要介绍安装的步骤、方法;维护方面主要介绍故障现象、检测方法、排除故障的方法等。 | |
| 410 | 0 | @12001 @a全国高职高专电子信息类系列规划教材 |
| 606 | 0 | @a电子计算机@Adian zi ji suan ji@x高等学校@j教材 |
| 690 | @aTP3@v4 | |
| 701 | 0 | @a张祖林@Azhang zu lin@4主编 |
| 701 | 0 | @a徐国洪@Axu guo hong@4主编 |
| 701 | 0 | @a印成清@Ayin cheng qing@4主编 |
| 801 | 0 | @aCN@bQSSK@c20080603 |
| 905 | @b721466-68@dTP3@eZ253@f3 | |
| 计算机组装与联网技术/张祖林, 徐国洪, 印成清主编.-武汉:华中科技大学出版社,2007.09 |
| 310页:图;23cm.-(全国高职高专电子信息类系列规划教材) |
| ISBN 978-7-5609-4195-0:CNY28.80 |
| 本书在理论知识方面,避免写得过长、过细、过深,主要以介绍硬、件的功能、规格、品牌、技术指标等;安装方面主要介绍安装的步骤、方法;维护方面主要介绍故障现象、检测方法、排除故障的方法等。 |
| ● |
| 相关链接 |
|
|
|
正题名:计算机组装与联网技术
索取号:TP3/Z253
 
预约/预借
| 序号 | 登录号 | 条形码 | 馆藏地/架位号 | 状态 | 备注 |
| 1 | 721466 | 207214664 | 自科二线504/504自科库 17排2列6层/ [索取号:TP3/Z253] | 在馆 | |
| 2 | 721467 | 207214673 | 自科二线504/504自科库 17排2列1层/ [索取号:TP3/Z253] | 在馆 | |
| 3 | 721468 | 207214682 | 自科二线504/504自科库 3排2列4层/ [索取号:TP3/Z253] | 在馆 |